| 000 | 00475nam a22001817a 4500 | ||
|---|---|---|---|
| 005 | 20260505140452.0 | ||
| 008 | 260505b |||||||| |||| 00| 0 eng d | ||
| 020 | _a978-1319105259 | ||
| 082 |
_a336 _bGRU-P |
||
| 100 | _aGruber, Jonathan | ||
| 245 | _aPublic Finance and Public Policy | ||
| 250 |
_a6th Ed _bVol-I, Vol-II |
||
| 260 |
_aNew York, NY _bWorth Publishers _c2019 |
||
| 300 | _a1115 p. | ||
| 500 | _aIncludes index. | ||
| 650 | _aPublic Finance | ||
| 942 | _cBK | ||
| 999 |
_c47523 _d47523 |
||